[Event "Guaira op 2nd"]
[Site "Guaira"]
[Date "2016.11.06"]
[Round "6"]
[White "Paschoa, Brenno David Pereir"]
[Black "Barbosa, Diego Guarato"]
[Result "1-0"]
[WhiteElo "1267"]
[BlackElo "1800"]
[PlyCount "41"]
[EventDate "2016.11.04"]
[EventType "swiss"]
[EventRounds "6"]
[EventCountry "BRA"]
[SourceTitle "CBM 175 Extra"]
[Source "ChessBase"]
[SourceDate "2016.12.12"]
[SourceVersion "1"]
[SourceVersionDate "2016.12.12"]
[SourceQuality "1"]

1. d4 d5 2. Nf3 Nf6 3. h3 e6 4. Bf4 c5 5. c3 c4 6. e3 h6 7. Be2 g5 8. Bh2 b5 9. a3 Nc6 10. 0-0 Bd6 11. Ne5 Bxe5 12. dxe5 Nd7 13. f4 0-0 14. Rf3 gxf4 15. exf4 f6 16. Rg3+ Kf7 17. Bh5+ Ke7 18. Rg7+ Rf7 19. Rxf7+ Ke8 20. Qg4 Ne7 21. Rh7+ 1-0

[Event "Guaira op 2nd"]
[Site "Guaira"]
[Date "2016.11.05"]
[Round "2"]
[White "Barbosa, Diego Guarato"]
[Black "Dos Santos, Agildo Silva"]
[Result "1-0"]
[WhiteElo "1800"]
[BlackElo "1582"]
[PlyCount "121"]
[EventDate "2016.11.04"]
[EventType "swiss"]
[EventRounds "6"]
[EventCountry "BRA"]
[SourceTitle "CBM 175 Extra"]
[Source "ChessBase"]
[SourceDate "2016.12.12"]
[SourceVersion "1"]
[SourceVersionDate "2016.12.12"]
[SourceQuality "1"]

1. e4 c6 2. Nf3 d5 3. e5 Bf5 4. d4 e6 5. Bd3 Bxd3 6. Qxd3 Nd7 7. Bf4 Qb6 8. Qb3 Qxb3 9. axb3 c5 10. c4 Ne7 11. Nc3 cxd4 12. Nxd4 Ng6 13. Bd2 dxc4 14. bxc4 Ngxe5 15. b3 a6 16. 0-0 Bc5 17. Be3 Ng4 18. Rad1 Nxe3 19. fxe3 e5 20. Nd5 0-0 21. Nf5 Rad8 22. b4 Ba7 23. Nfe7+ Kh8 24. c5 Nb8 25. Kf2 Nc6 26. Ke2 Nxe7 27. Nxe7 f6 28. c6 bxc6 29. Nxc6 Ra8 30. Rd7 Bb6 31. Rfd1 Rac8 32. R1d6 Bc7 33. Re6 Bd8 34. Ra7 a5 35. bxa5 h6 36. Nxd8 Rfxd8 37. Ree7 Rc2+ 38. Kf3 Rdd2 39. Rxg7 Rf2+ 40. Ke4 Rxg2 41. Rh7+ Kg8 42. Rxh6 Rxh2 43. Rg6+ Kh8 44. Rxf6 Rc8 45. Kxe5 Rh5+ 46. Ke6 Rc6+ 47. Ke7 Re5+ 48. Kf7 Rxf6+ 49. Kxf6 Rxe3 50. Ra8+ Kh7 51. a6 Ra3 52. Ke6 Ra1 53. Kd6 Ra2 54. Kc6 Ra1 55. Kb6 Rb1+ 56. Ka7 Ra1 57. Rb8 Kh6 58. Rb6+ Kg7 59. Kb7 Rf1 60. a7 Rf7+ 61. Ka6 1-0

[Event "Guaira op 2nd"]
[Site "Guaira"]
[Date "2016.11.05"]
[Round "4"]
[White "Nunes da Silva, Diego"]
[Black "Barbosa, Diego Guarato"]
[Result "0-1"]
[WhiteElo "1598"]
[BlackElo "1800"]
[PlyCount "134"]
[EventDate "2016.11.04"]
[EventType "swiss"]
[EventRounds "6"]
[EventCountry "BRA"]
[SourceTitle "CBM 175 Extra"]
[Source "ChessBase"]
[SourceDate "2016.12.12"]
[SourceVersion "1"]
[SourceVersionDate "2016.12.12"]
[SourceQuality "1"]

1. d4 d5 2. Bf4 e6 3. e3 c5 4. c4 dxc4 5. Qa4+ Nc6 6. Qxc4 cxd4 7. Nf3 Bb4+ 8. Nbd2 Bxd2+ 9. Nxd2 dxe3 10. Bxe3 Nf6 11. Be2 0-0 12. 0-0 Nd5 13. Ne4 Nxe3 14. fxe3 Qb6 15. Rf3 Ne5 16. Nf6+ Kh8 17. Rh3 Qxe3+ 18. Rxe3 Nxc4 19. Bxc4 gxf6 20. Bd3 Rg8 21. Rc1 Rd8 22. Rc7 Rd7 23. Rc4 b6 24. Rg3 Ba6 25. Rc3 Bxd3 26. Rcxd3 Rad8 27. Rxd7 Rxd7 28. Ra3 Kg7 29. Rg3+ Kf8 30. h3 Rd1+ 31. Kh2 Rd2 32. Ra3 Rxb2 33. Rxa7 b5 34. Rb7 b4 35. Kg3 Kg7 36. Rb5 Kg6 37. Kf3 f5 38. h4 h5 39. Kg3 f6 40. Rb6 e5 41. Ra6 f4+ 42. Kf3 b3 43. axb3 Rxb3+ 44. Kf2 Kf5 45. Rd6 Rb2+ 46. Kf1 e4 47. Rd4 Ke5 48. Ra4 e3 49. Ra5+ Ke4 50. Ra4+ Kf5 51. Ra5+ Kg4 52. Ra8 Kxh4 53. Rg8 f3 54. gxf3 Rf2+ 55. Ke1 Rxf3 56. Ke2 Rg3 57. Rf8 Kg5 58. Rg8+ Kf4 59. Rf8 f5 60. Rh8 Rh3 61. Ra8 Rh2+ 62. Ke1 Kf3 63. Kd1 e2+ 64. Kd2 Kf2 65. Re8 Kf3 66. Re5 f4 67. Rf5 Rh1 0-1